Taylor Swift - Compléter le bridge de Shake It Off - Statistiques

Statistiques générales
  • Ce quiz a été pris 905 fois
  • Le résultat moyen est 5 sur 7
Statistiques - réponses
Question Réponse % Correct
My ex-man ... his new girlfriend brought
87%
Hey, hey, hey. Just think, while you've been gettin' down and out about the ... liars
85%
... you come on over, baby? We can shake, shake, shake (yeah) Won't
81%
You ... gettin' down to this sick beat could've been
70%
She's like, "Oh my God!" ... I'm just gonna shake but
65%
And the dirty, dirty ... of the world cheats
65%
And to the ... over there with the ... good hair fella + hella
56%
Aucun quiz correspondant
Distribution des résultats
% des personnes avec chaque résultat
Percentile par nombre de réponses
Votre historique - résultats
Vous n’avez pas pris ce quiz